[Event "European Youth Chess Championship B18"]
[Site "Prague, Top Hotel Prague"]
[Date "2016.08.24"]
[Round "6.4"]
[White "Martirosyan, Haik M"]
[Black "Carnicelli, Valerio"]
[Result "1-0"]
[WhiteElo "2461"]
[BlackElo "2244"]
[PlyCount "145"]
[EventDate "2016.08.18"]

1. d4 Nf6 2. c4 c5 3. d5 b5 4. cxb5 a6 5. b6 e6 6. Nc3 Nxd5 7. Nxd5 exd5 8.
Qxd5 Nc6 9. Nf3 Rb8 10. e4 Be7 11. Bc4 O-O 12. O-O Rxb6 13. Qh5 d6 14. Rd1 Be6
15. Bxe6 fxe6 16. Qg4 e5 17. Be3 Qc8 18. Qxc8 Rxc8 19. b3 Nd4 20. Nd2 Kf7 21.
Nc4 Rbc6 22. g3 Ne2+ 23. Kg2 Nc3 24. Rd3 Nxe4 25. Rad1 Ke6 26. f4 Nf6 27. fxe5
dxe5 28. Re1 Rd8 29. Rxd8 Bxd8 30. Bf4 e4 31. Be5 Bc7 32. Bxf6 Kxf6 33. Rxe4
Re6 34. Kf3 Rxe4 35. Kxe4 Ke6 36. Nb2 g6 37. Nd3 Bd6 38. a4 Be7 39. Nf4+ Kd6
40. h4 Bf6 41. Nd5 Bd8 42. Nf4 Bf6 43. Nd3 Bd8 44. Ne5 Ke6 45. Nf3 Bf6 46. g4
Kd6 47. h5 Ke6 48. Ne1 Be7 49. Nd3 Bd6 50. Nf2 gxh5 51. gxh5 Be5 52. Nh3 h6 53.
Nf2 Bd4 54. Nd3 Bg1 55. Nf4+ Kf6 56. Kd5 Kf5 57. Nd3 Kg4 58. a5 Kxh5 59. Nxc5
Kg4 60. b4 h5 61. b5 h4 62. bxa6 h3 63. a7 h2 64. a8=Q h1=Q+ 65. Ne4 Qh5+ 66.
Kc4 Qf7+ 67. Qd5 Qf1+ 68. Kb4 Qb1+ 69. Ka4 Qa1+ 70. Kb5 Qb2+ 71. Kc6 Qa1 72.
Qg5+ Kf3 73. Qf6+ 1-0

[Event "European Youth Chess Championship B18"]
[Site "Prague, Top Hotel Prague"]
[Date "2016.08.24"]
[Round "6.5"]
[White "Alexiadis, Hristos"]
[Black "Jarmula, Lukasz"]
[Result "0-1"]
[WhiteElo "2226"]
[BlackElo "2452"]
[PlyCount "146"]
[EventDate "2016.08.18"]

1. d4 Nf6 2. c4 e6 3. g3 c5 4. Nf3 cxd4 5. Nxd4 d5 6. Bg2 e5 7. Nc2 d4 8. f4
Nc6 9. fxe5 Nxe5 10. Nxd4 Nxc4 11. Qa4+ Bd7 12. Nc6 bxc6 13. Qxc4 Qb6 14. Nc3
Rc8 15. Qb3 Bc5 16. Qxb6 axb6 17. Bg5 Ng4 18. Ne4 Bb4+ 19. Kf1 f5 20. Nf2 h6
21. Bc1 O-O 22. Nd3 Bd6 23. Bf4 Bxf4 24. gxf4 c5 25. Bf3 Bc6 26. Bxc6 Rxc6 27.
h3 c4 28. Rc1 Re6 29. Nb4 Ne3+ 30. Kf2 Re4 31. Rhg1 Rd8 32. Kf3 Rd2 33. b3 h5
34. bxc4 Nxc4 35. Rge1 h4 36. Rc2 Rd6 37. Nd3 Rg6 38. Kf2 Rg3 39. Rh1 Kh7 40.
Rcc1 b5 41. Rb1 Rge3 42. Rhe1 Rxh3 43. Rh1 Rhe3 44. Rxh4+ Kg8 45. Re1 Na3 46.
Nc5 Re7 47. Nd3 Nc2 48. Reh1 Rxe2+ 49. Kg1 Ne3 50. Rh8+ Kf7 51. R1h2 Ng4 52.
Rxe2 Rxe2 53. Rb8 Rxa2 54. Rxb5 Kg6 55. Rb2 Ra4 56. Kg2 Rd4 57. Rb3 Re4 58.
Rb6+ Kh5 59. Rb7 Re2+ 60. Kf1 Re3 61. Rxg7 Rxd3 62. Rg5+ Kh4 63. Rxf5 Re3 64.
Rg5 Kg3 65. f5 Re5 66. Rg6 Kf3 67. Rd6 Nh2+ 68. Kg1 Kg3 69. Rg6+ Ng4 70. Kf1
Kf3 71. Rd6 Re2 72. Rd3+ Ne3+ 73. Kg1 Kg3 0-1

[Event "European Youth Chess Championship B18"]
[Site "Prague, Top Hotel Prague"]
[Date "2016.08.24"]
[Round "6.6"]
[White "Santos, Ruiz Miguel"]
[Black "O`Donnell, Conor"]
[Result "1-0"]
[WhiteElo "2440"]
[BlackElo "2347"]
[PlyCount "51"]
[EventDate "2016.08.18"]

1. e4 e5 2. Nf3 d6 3. d4 exd4 4. Nxd4 Nf6 5. Nc3 Be7 6. g3 O-O 7. Bg2 Re8 8.
O-O Bf8 9. h3 c6 10. g4 d5 11. exd5 Nxd5 12. Nxd5 cxd5 13. Be3 Nc6 14. c3 h5
15. g5 g6 16. h4 Ne5 17. Bf4 Ng4 18. Qf3 Bd6 19. Rfe1 Be6 20. Qg3 Bc5 21. f3
Qb6 22. fxg4 Qxb2 23. gxh5 gxh5 24. Kh1 Bxd4 25. cxd4 Qxd4 26. Rad1 1-0

[Event "European Youth Chess Championship B18"]
[Site "Prague, Top Hotel Prague"]
[Date "2016.08.24"]
[Round "6.7"]
[White "Tutisani, Noe"]
[Black "Vykouk, Jan"]
[Result "0-1"]
[WhiteElo "2366"]
[BlackElo "2434"]
[PlyCount "100"]
[EventDate "2016.08.18"]

1. e4 c5 2. Nf3 d6 3. d4 cxd4 4. Nxd4 Nf6 5. Nc3 a6 6. Bg5 e6 7. f4 h6 8. Bh4
Qb6 9. a3 Nbd7 10. Bf2 Qc7 11. Bd3 b5 12. O-O Bb7 13. Kh1 Be7 14. Qe2 g5 15. f5
e5 16. Nb3 h5 17. Rfd1 h4 18. Kg1 Nh5 19. Nd5 Bxd5 20. exd5 Nf4 21. Qe1 Nf6 22.
Rac1 Rc8 23. Bf1 Qd7 24. Qa5 Qxf5 25. Qxa6 O-O 26. Qa7 Rxc2 27. Rxc2 Qxc2 28.
Rc1 Qxb3 29. Qxe7 Ne4 30. Re1 Nxd5 31. Qa7 Ndf6 32. Re2 d5 33. Qc7 Re8 34. Qc2
Qxc2 35. Rxc2 Rb8 36. Ba7 Rb7 37. Rc8+ Kg7 38. Bb8 Nd7 39. Rc7 Rxb8 40. Rxd7
Nf6 41. Rc7 e4 42. Rc5 b4 43. Bb5 bxa3 44. bxa3 Kg6 45. a4 d4 46. Kf1 d3 47.
Ke1 Rd8 48. h3 e3 49. Rc3 d2+ 50. Kd1 Ne4 0-1

[Event "European Youth Chess Championship B18"]
[Site "Prague, Top Hotel Prague"]
[Date "2016.08.24"]
[Round "6.8"]
[White "Kaczur, Florian"]
[Black "Pulpan, Jakub"]
[Result "1-0"]
[WhiteElo "2426"]
[BlackElo "2321"]
[PlyCount "47"]
[EventDate "2016.08.18"]

1. d4 Nf6 2. c4 e6 3. g3 d5 4. Nf3 dxc4 5. Bg2 Bd7 6. Ne5 Bc6 7. Nxc6 Nxc6 8.
O-O Qd7 9. e3 O-O-O 10. Qa4 Nd5 11. Qxc4 h5 12. b4 Bxb4 13. Bd2 Ba5 14. Nc3 h4
15. Rab1 hxg3 16. hxg3 f5 17. Rfc1 g5 18. Qb3 Nb6 19. Nb5 Bxd2 20. Rxc6 bxc6
21. Nxa7+ Kb8 22. Nxc6+ Kc8 23. Na7+ Kb8 24. Qa3 1-0

[Event "European Youth Chess Championship B18"]
[Site "Prague, Top Hotel Prague"]
[Date "2016.08.24"]
[Round "6.9"]
[White "Marek, Matyas"]
[Black "Beerdsen, Thomas"]
[Result "1-0"]
[WhiteElo "2389"]
[BlackElo "2424"]
[PlyCount "67"]
[EventDate "2016.08.18"]

1. e4 e5 2. Nf3 Nc6 3. Bb5 g6 4. c3 a6 5. Ba4 d6 6. d4 Bd7 7. O-O Bg7 8. Re1
Nf6 9. Nbd2 O-O 10. d5 Ne7 11. c4 h6 12. c5 Bxa4 13. Qxa4 Nd7 14. b4 f5 15. Qb3
Kh7 16. Bb2 dxc5 17. exf5 Rxf5 18. Ne4 c4 19. Qxc4 Nb6 20. Qc2 Nbxd5 21. Ng3
Rxf3 22. gxf3 Nc6 23. Qe4 Nf4 24. Rad1 Qc8 25. Bc1 Ne6 26. f4 Nxf4 27. Bxf4
exf4 28. Qxf4 Kh8 29. a3 Qh3 30. Qf7 Rf8 31. Re8 Rxe8 32. Qxe8+ Kh7 33. Rd7 Ne5
34. Rxg7+ 1-0

[Event "European Youth Chess Championship B18"]
[Site "Prague, Top Hotel Prague"]
[Date "2016.08.24"]
[Round "6.10"]
[White "Anikonov, Dmitry"]
[Black "Tuomainen, Felix"]
[Result "1-0"]
[WhiteElo "2407"]
[BlackElo "2087"]
[PlyCount "51"]
[EventDate "2016.08.18"]

1. d4 d5 2. c4 c6 3. Nf3 Nf6 4. Nc3 dxc4 5. a4 Bf5 6. Ne5 Nbd7 7. Nxc4 Qc7 8.
g3 e5 9. dxe5 Nxe5 10. Bf4 Nfd7 11. Bg2 f6 12. O-O g5 13. Bxe5 Nxe5 14. Ne3 Be6
15. Rc1 Rd8 16. Qc2 Qf7 17. Ne4 Bb4 18. f4 gxf4 19. Rxf4 Be7 20. Rcf1 Rf8 21.
Ng5 Qg8 22. Nxh7 Bb3 23. Qe4 Bd5 24. Nxd5 cxd5 25. Qf5 Rf7 26. Nxf6+ 1-0

[Event "European Youth Chess Championship B18"]
[Site "Prague, Top Hotel Prague"]
[Date "2016.08.24"]
[Round "6.11"]
[White "Portela, Peleteiro Alberto"]
[Black "Christiansen, Johan-Sebastian"]
[Result "1-0"]
[WhiteElo "2340"]
[BlackElo "2404"]
[PlyCount "103"]
[EventDate "2016.08.18"]

1. e4 e6 2. d4 d5 3. Nc3 Nf6 4. Bg5 dxe4 5. Nxe4 Be7 6. Nxf6+ Bxf6 7. Bxf6 Qxf6
8. Nf3 O-O 9. Qd3 c5 10. O-O-O Rd8 11. Qe4 Nc6 12. Bd3 Qh6+ 13. Kb1 cxd4 14. h4
f5 15. Qe2 a6 16. Bc4 b5 17. Bb3 Ra7 18. Ne5 Na5 19. Qd2 Qxd2 20. Rxd2 Nxb3 21.
axb3 Bb7 22. Rhd1 Rd5 23. f4 Ra8 24. Rxd4 Rc8 25. c4 Rxd4 26. Rxd4 Bxg2 27. Rd6
Bf1 28. c5 g5 29. Nc6 Rxc6 30. Rxc6 gxh4 31. Rxe6 h3 32. c6 Bg2 33. c7 Bb7 34.
Rh6 Kf7 35. Rxh3 Ke7 36. Rxh7+ Kd6 37. Kc2 Bc8 38. Kd3 Bd7 39. Kd4 Kxc7 40. Ke5
a5 41. Rxd7+ Kxd7 42. Kxf5 Kd6 43. Ke4 Kc5 44. f5 Kb4 45. f6 Kxb3 46. f7 b4 47.
f8=Q Kxb2 48. Qc5 b3 49. Qxa5 Kb1 50. Kd3 b2 51. Qe1+ Ka2 52. Kc2 1-0

[Event "European Youth Chess Championship B18"]
[Site "Prague, Top Hotel Prague"]
[Date "2016.08.24"]
[Round "6.12"]
[White "Kantor, Gergely"]
[Black "Nikolovski, Nikola"]
[Result "1/2-1/2"]
[WhiteElo "2411"]
[BlackElo "2252"]
[PlyCount "100"]
[EventDate "2016.08.18"]

1. d4 Nf6 2. c4 c5 3. d5 e6 4. Nc3 exd5 5. cxd5 d6 6. Nf3 g6 7. Nd2 Nbd7 8. e4
Bg7 9. Be2 O-O 10. O-O Re8 11. a4 Ne5 12. Ndb1 a6 13. Na3 h6 14. f4 Ned7 15.
Qc2 Rb8 16. Nc4 Nb6 17. e5 Nxc4 18. Bxc4 Bf5 19. Bd3 Bxd3 20. Qxd3 dxe5 21.
fxe5 Ng4 22. Bf4 Nxe5 23. Qc2 Ng4 24. Kh1 Be5 25. h3 Qh4 26. Bxe5 Rxe5 27. Qd2
Ne3 28. Rf3 Qd4 29. Qf2 Nf5 30. Rd1 Qxf2 31. Rxf2 Nd6 32. a5 Kf8 33. Na4 Rc8
34. Nb6 Rd8 35. Rc2 Ne4 36. Kh2 Ke8 37. Re1 Re7 38. g4 f5 39. gxf5 gxf5 40. Rg2
Kf7 41. h4 Kf6 42. Reg1 Ke5 43. Nc4+ Kd4 44. Rc2 Kd3 45. Rcc1 f4 46. d6 Re6 47.
Rgd1+ Ke2 48. Re1+ Kd3 49. Red1+ Ke2 50. Re1+ Kd3 1/2-1/2

[Event "European Youth Chess Championship B18"]
[Site "Prague, Top Hotel Prague"]
[Date "2016.08.24"]
[Round "6.13"]
[White "Bakhmatsky, Vladislav"]
[Black "Stefanov, Emil"]
[Result "1-0"]
[WhiteElo "2296"]
[BlackElo "2505"]
[PlyCount "87"]
[EventDate "2016.08.18"]

1. e4 e5 2. Nf3 Nc6 3. Bb5 a6 4. Ba4 Nf6 5. O-O Be7 6. Re1 b5 7. Bb3 d6 8. c3
O-O 9. h3 Nb8 10. d4 Nbd7 11. Nbd2 Bb7 12. Bc2 Re8 13. Nf1 Bf8 14. Ng3 g6 15.
a4 c5 16. d5 c4 17. Bg5 Nc5 18. Qd2 Be7 19. Ra3 Nfd7 20. Be3 Nb6 21. Bxc5 dxc5
22. axb5 axb5 23. Rxa8 Bxa8 24. Nxe5 Bf8 25. Nf3 b4 26. Nf1 Bb7 27. N3h2 h5 28.
Ne3 b3 29. Bb1 Bh6 30. Nhf1 Ba6 31. g3 Qd7 32. h4 Bg7 33. f4 Rd8 34. Rd1 Bb7
35. Qe2 Qa4 36. e5 Bxd5 37. Be4 Bxe4 38. Rxd8+ Kh7 39. Nd2 Qa1+ 40. Qd1 Qxd1+
41. Nxd1 Bf5 42. Ne3 Be6 43. Ne4 Na4 44. Ng5+ 1-0

[Event "European Youth Chess Championship B18"]
[Site "Prague, Top Hotel Prague"]
[Date "2016.08.24"]
[Round "6.14"]
[White "Hollan, Petr"]
[Black "Suarez, Gomez Julio"]
[Result "1/2-1/2"]
[WhiteElo "2292"]
[BlackElo "2429"]
[PlyCount "118"]
[EventDate "2016.08.18"]

1. e4 e6 2. d4 d5 3. Nd2 a6 4. Ngf3 c5 5. c3 Nc6 6. exd5 exd5 7. dxc5 Bxc5 8.
Nb3 Bb6 9. Bd3 Nf6 10. Qe2+ Ne7 11. Bg5 Qd6 12. Qe5 Qxe5+ 13. Nxe5 Ne4 14. Bxe4
dxe4 15. Nc4 Bc7 16. Nc5 f6 17. Bh4 f5 18. O-O-O Ng6 19. Bg5 O-O 20. g3 h6 21.
Be3 Rf6 22. Nd7 Bxd7 23. Rxd7 Rc8 24. Rhd1 f4 25. Bd4 Rf7 26. Rxf7 Kxf7 27. Nd2
Re8 28. Re1 e3 29. fxe3 fxg3 30. hxg3 Ne5 31. Rf1+ Kg6 32. Kc2 h5 33. e4 Rd8
34. Bxe5 Bxe5 35. Nf3 Bc7 36. Nd4 Be5 37. Nf3 Bb8 38. Nd4 Rd7 39. Ne2 Kg5 40.
Rf3 Kg4 41. Rf5 g6 42. Rf6 g5 43. Rg6 Be5 44. a4 Rg7 45. Rh6 Rf7 46. b4 Rf2 47.
Kd3 Rf3+ 48. Kd2 Rf1 49. b5 axb5 50. axb5 Rb1 51. b6 Kf3 52. Nd4+ Kxg3 53. Rxh5
Bf4+ 54. Kd3 Rxb6 55. e5 Kg4 56. e6 Rxe6 57. Rxg5+ Bxg5 58. Nxe6 Bf6 59. c4 Kf5
1/2-1/2

[Event "European Youth Chess Championship B18"]
[Site "Prague, Top Hotel Prague"]
[Date "2016.08.24"]
[Round "6.15"]
[White "Bunyatov, Rustam"]
[Black "Juhasz, Armin"]
[Result "1/2-1/2"]
[WhiteElo "2230"]
[BlackElo "2411"]
[PlyCount "70"]
[EventDate "2016.08.18"]

1. e4 c5 2. Nf3 e6 3. g3 Nc6 4. Bg2 Nf6 5. Qe2 e5 6. O-O Be7 7. c3 O-O 8. Na3
d6 9. Nc2 a6 10. d4 cxd4 11. cxd4 Bg4 12. d5 Nb8 13. h3 Bh5 14. g4 Bg6 15. Nfe1
Ne8 16. Nd3 Nd7 17. Bd2 Bg5 18. Ne3 Nef6 19. f3 h5 20. Rfc1 Qb6 21. Kh1 Qd8 22.
Rc3 hxg4 23. hxg4 Kh7 24. Kh2 Rh8 25. Rh1 Kg8+ 26. Kg1 Rxh1+ 27. Bxh1 Ne8 28.
Qd1 Rc8 29. Rxc8 Qxc8 30. Qb3 Qc7 31. Kf2 Nb8 32. Bg2 Bh6 33. Ke2 Bh7 34. Qc3
Qd8 35. Be1 Bg5 1/2-1/2

[Event "European Youth Chess Championship B18"]
[Site "Prague, Top Hotel Prague"]
[Date "2016.08.24"]
[Round "6.16"]
[White "Rydl, Jiri"]
[Black "Filipets, Egor"]
[Result "1/2-1/2"]
[WhiteElo "2401"]
[BlackElo "2301"]
[PlyCount "68"]
[EventDate "2016.08.18"]

1. Nf3 g6 2. e4 Bg7 3. d4 d6 4. Nc3 Nf6 5. Be2 O-O 6. O-O Bg4 7. Be3 Nc6 8. h3
Bxf3 9. Bxf3 e5 10. dxe5 dxe5 11. g3 Qc8 12. Bg2 Rd8 13. Qc1 Nd4 14. Re1 c6 15.
Ne2 Nd7 16. c3 Nxe2+ 17. Rxe2 Bf8 18. Qc2 Bc5 19. Bg5 f6 20. Bh6 Bf8 21. Be3
Bc5 22. Qb3+ Kg7 23. Bd2 Nf8 24. Rd1 b5 25. Be1 Qe6 26. Red2 Rxd2 27. Rxd2 Qxb3
28. axb3 Kf7 29. Kf1 Ke7 30. Rd1 Ne6 31. h4 Bb6 32. Ke2 Rd8 33. Rxd8 Kxd8 34.
b4 Ke7 1/2-1/2

[Event "European Youth Chess Championship B18"]
[Site "Prague, Top Hotel Prague"]
[Date "2016.08.24"]
[Round "6.17"]
[White "Morozov, Nichita"]
[Black "Meunier, Clement"]
[Result "1/2-1/2"]
[WhiteElo "2398"]
[BlackElo "2293"]
[PlyCount "92"]
[EventDate "2016.08.18"]

1. d4 Nf6 2. Nf3 g6 3. c4 c5 4. Nc3 cxd4 5. Nxd4 Nc6 6. e4 Qa5 7. Nb3 Qd8 8.
Be3 Bg7 9. Be2 d6 10. O-O O-O 11. Nd4 Bd7 12. f3 Qb6 13. Ncb5 a6 14. Nc2 Qa5
15. Nbd4 Rfc8 16. b4 Qa4 17. Nxc6 Bxc6 18. Rb1 b5 19. c5 dxc5 20. Bxc5 Nd7 21.
Bxe7 Qxa2 22. Ne3 Re8 23. Bg5 Nb6 24. Qb3 Qxb3 25. Rxb3 Na4 26. Rc1 Rac8 27.
Rd3 Bb7 28. Rxc8 Rxc8 29. Nd5 Bxd5 30. exd5 f6 31. Bf4 g5 32. Be3 Bf8 33. d6
Rd8 34. Bc5 Kf7 35. f4 gxf4 36. Bg4 a5 37. Bf5 Nxc5 38. bxc5 a4 39. Kf2 b4 40.
Rd4 a3 41. Rxb4 Ra8 42. Rb7+ Ke8 43. Bd7+ Kd8 44. Be6 a2 45. Rf7 Bh6 46. Rxh7
Bf8 1/2-1/2

[Event "European Youth Chess Championship B18"]
[Site "Prague, Top Hotel Prague"]
[Date "2016.08.24"]
[Round "6.18"]
[White "Winiarski, Mikolaj"]
[Black "Hauge, Lars Oskar"]
[Result "0-1"]
[WhiteElo "2285"]
[BlackElo "2391"]
[PlyCount "212"]
[EventDate "2016.08.18"]

1. e4 c5 2. Nf3 g6 3. d4 cxd4 4. Nxd4 Nf6 5. Nc3 d6 6. Be3 Bg7 7. f3 O-O 8. Qd2
Nc6 9. O-O-O d5 10. Kb1 Rb8 11. h4 e6 12. g4 Re8 13. h5 Nxd4 14. Bxd4 e5 15.
Bxa7 Ra8 16. Bc5 d4 17. Nb5 Be6 18. a3 Qd7 19. Bb4 Red8 20. Bd3 Qc6 21. hxg6
fxg6 22. b3 Nd7 23. g5 Nc5 24. Bxc5 Qxc5 25. a4 Rd7 26. Kb2 Rf7 27. Rdf1 Bf8
28. f4 exf4 29. e5 Bg7 30. Rxf4 Bxe5 31. Rxf7 Bxf7 32. Qf2 Qe7 33. Qh4 Bd5 34.
Re1 Qg7 35. Na3 Rf8 36. Nc4 Bb8 37. Qh3 Bf4 38. Nb6 Bc6 39. Qe6+ Kh8 40. Qg4
Bd2 41. Rg1 Be3 42. Re1 Rf4 43. Qc8+ Qf8 44. Qc7 Rf7 45. Qe5+ Qg7 46. Qa5 Re7
47. Rf1 Re8 48. Nc4 Qe7 49. Rf6 Kg7 50. Nd6 Rf8 51. Qc5 Kh8 52. Rxf8+ Qxf8 53.
Bc4 h5 54. Nf7+ Kg7 55. Qe5+ Kh7 56. Ka2 Qg7 57. a5 Qxe5 58. Nxe5 Bg2 59. Bd3
Bxg5 60. Nxg6 Kg7 61. b4 h4 62. Nxh4 Bxh4 63. Kb3 Kf6 64. b5 Ke6 65. a6 bxa6
66. bxa6 Bf6 67. Kb4 Kd6 68. Kb5 Kc7 69. Kc5 Bg7 70. Bc4 Be4 71. Bb3 Bf6 72.
Ba4 Bf3 73. Bb5 Kb8 74. Kb6 Bd8+ 75. Kc5 Bf6 76. Kb6 Be7 77. Bd3 Ba3 78. Bf5
Bc1 79. Bd3 Be3 80. Kc5 Ka7 81. Kc4 Bh5 82. Be4 Be2+ 83. Bd3 Bg4 84. Be4 Bc8
85. Bb7 Bf5 86. Kb3 Bd2 87. Kb2 Bc3+ 88. Kb1 Bd7 89. Kc1 Bb5 90. Be4 Kxa6 91.
Bf5 Ka5 92. Bg6 Kb6 93. Bh7 Kc5 94. Bg8 Kd6 95. Bh7 Ke5 96. Bg6 Bc6 97. Bh7 Kf4
98. Bg6 Bf3 99. Bh7 Be4 100. Bg8 Ke3 101. Bc4 Bb4 102. Bb3 Ba3+ 103. Kb1 Kd2
104. Ba4 Kc3 105. Bb3 Bf5 106. Ba4 Bg6 0-1

[Event "European Youth Chess Championship B18"]
[Site "Prague, Top Hotel Prague"]
[Date "2016.08.24"]
[Round "6.19"]
[White "Egri, Laszlo Jr"]
[Black "Plenca, Jadranko"]
[Result "1/2-1/2"]
[WhiteElo "2257"]
[BlackElo "2389"]
[PlyCount "46"]
[EventDate "2016.08.18"]

1. Nf3 d5 2. c4 c6 3. g3 Nf6 4. Bg2 Bf5 5. O-O e6 6. cxd5 exd5 7. d3 Be7 8. Qb3
Qb6 9. Qc2 Na6 10. Nc3 Nb4 11. Qb3 O-O 12. Na4 Qc7 13. Bf4 Qc8 14. Rac1 Re8 15.
Rfe1 Bf8 16. Nd4 Bg6 17. Bg5 Qd7 18. Bxf6 gxf6 19. Red1 Na6 20. e4 b5 21. Nc3
b4 22. Na4 c5 23. Ne2 Rad8 1/2-1/2

[Event "European Youth Chess Championship B18"]
[Site "Prague, Top Hotel Prague"]
[Date "2016.08.24"]
[Round "6.20"]
[White "Huber, Martin Christian"]
[Black "Havelka, Josef"]
[Result "0-1"]
[WhiteElo "2377"]
[BlackElo "2277"]
[PlyCount "62"]
[EventDate "2016.08.18"]

1. Nf3 c5 2. c4 Nc6 3. Nc3 e5 4. e3 f5 5. d4 e4 6. d5 exf3 7. dxc6 dxc6 8.
Qxd8+ Kxd8 9. gxf3 Bd6 10. f4 Nf6 11. b3 Be6 12. Bb2 Ke7 13. Rg1 g6 14. Be2 Kf7
15. Nb1 Rhd8 16. Nd2 Ne4 17. Nf3 Bc7 18. Ne5+ Ke7 19. f3 Ba5+ 20. Kf1 Nc3 21.
Bd3 Rd6 22. a3 Rad8 23. b4 cxb4 24. axb4 Bxb4 25. Rxa7 Bc8 26. Bc2 Bc5 27. Ra5
Rd2 28. Rxc5 Rxc2 29. Bxc3 Rxc3 30. Kf2 Rd2+ 31. Kg3 Ra3 0-1

[Event "European Youth Chess Championship B18"]
[Site "Prague, Top Hotel Prague"]
[Date "2016.08.24"]
[Round "6.21"]
[White "Percivaldi, Martin"]
[Black "Laiz, Ibanez Hector"]
[Result "1-0"]
[WhiteElo "2361"]
[BlackElo "2229"]
[PlyCount "87"]
[EventDate "2016.08.18"]

1. Nf3 Nf6 2. c4 e6 3. g3 d5 4. Bg2 c5 5. cxd5 exd5 6. d4 Nc6 7. O-O Be7 8. Nc3
O-O 9. dxc5 Bxc5 10. Na4 Be7 11. Be3 Re8 12. Rc1 Ng4 13. Bc5 Bf6 14. Nc3 Be6
15. h3 b6 16. Ba3 Nh6 17. Nb5 Qd7 18. g4 a6 19. Nbd4 Nxd4 20. Nxd4 Be7 21. Bxe7
Qxe7 22. Qb3 b5 23. Bxd5 Bxd5 24. Qxd5 Qb4 25. Nc6 Qe4 26. Qxe4 Rxe4 27. e3 f5
28. gxf5 Nxf5 29. Rfd1 Rf8 30. Rd8 h5 31. Rc5 g6 32. Rxf8+ Kxf8 33. Ne5 Kg7 34.
Nd3 Ra4 35. a3 Ne7 36. Re5 Kf6 37. Rc5 Ke6 38. Rc3 Rh4 39. Rc7 Kd6 40. Ra7 Ra4
41. Kg2 Nf5 42. Nb4 a5 43. Ra6+ Ke5 44. f4+ 1-0

[Event "European Youth Chess Championship B18"]
[Site "Prague, Top Hotel Prague"]
[Date "2016.08.24"]
[Round "6.22"]
[White "Garanin, Aleksei"]
[Black "Grigorian, Spartak"]
[Result "0-1"]
[WhiteElo "2118"]
[BlackElo "2340"]
[PlyCount "70"]
[EventDate "2016.08.18"]

1. d4 Nf6 2. c4 e6 3. Nf3 d5 4. Nc3 Bb4 5. cxd5 exd5 6. Bg5 h6 7. Bh4 Nbd7 8.
e3 g5 9. Bg3 Ne4 10. Qb3 c5 11. Rc1 Qa5 12. a3 Bxc3+ 13. bxc3 c4 14. Qc2 h5 15.
Nd2 Nxd2 16. Qxd2 h4 17. Bd6 Qb6 18. Bc5 Nxc5 19. dxc5 Qxc5 20. Rd1 Be6 21. Qd4
Qxd4 22. Rxd4 Ke7 23. e4 Rhd8 24. Be2 dxe4 25. Rxe4 f5 26. Re3 Kf6 27. O-O Bd5
28. f4 Re8 29. fxg5+ Kxg5 30. Rxe8 Rxe8 31. Kf2 Bxg2 32. Rg1 h3 33. Bxc4 Rc8
34. Bd5 Rxc3 35. Bxb7 Rxa3 0-1

[Event "European Youth Chess Championship B18"]
[Site "Prague, Top Hotel Prague"]
[Date "2016.08.24"]
[Round "6.23"]
[White "Sawlin, Leonid"]
[Black "Triger, Ramon"]
[Result "1/2-1/2"]
[WhiteElo "2322"]
[BlackElo "2215"]
[PlyCount "148"]
[EventDate "2016.08.18"]

1. e4 c5 2. Nf3 Nc6 3. d4 cxd4 4. Nxd4 g6 5. Nc3 Bg7 6. Be3 d6 7. Bc4 Nf6 8. f3
Qb6 9. Bb5 Nd7 10. Nd5 Qa5+ 11. Bd2 Qd8 12. Nxc6 bxc6 13. Bxc6 Rb8 14. Bc1 e6
15. Nc3 Qc7 16. Bxd7+ Bxd7 17. Qd2 Rc8 18. O-O O-O 19. Rd1 Qc5+ 20. Qe3 Bxc3
21. bxc3 Ba4 22. Qf2 Qxf2+ 23. Kxf2 Rxc3 24. Rxd6 Rxc2+ 25. Kg3 h5 26. Bg5 f5
27. Rxe6 f4+ 28. Bxf4 h4+ 29. Kxh4 Rxf4+ 30. Kg3 Rf7 31. Rxg6+ Kh7 32. Rg5 Rd7
33. a3 Kh6 34. h4 a6 35. Rb1 Bb5 36. e5 Rdd2 37. Kh3 Rc3 38. Ra1 Bd7+ 39. Kg3
Rcc2 40. Kh2 Rd3 41. Kg3 Rdd2 42. Kf4 Rd4+ 43. Kg3 Rdd2 44. Kh2 Rd3 45. Rb1 Bb5
46. a4 Bxa4 47. Rb6+ Rc6 48. Rb8 Rg6 49. Rxg6+ Kxg6 50. Rb6+ Kf5 51. Rxa6 Rd4
52. g4+ Kf4 53. Rf6+ Kxe5 54. Rf5+ Ke6 55. Kg3 Bc2 56. Rf4 Rxf4 57. Kxf4 Kf6
58. h5 Bd1 59. g5+ Kg7 60. Ke4 Be2 61. h6+ Kg6 62. f4 Bg4 63. Ke5 Bh3 64. Kd6
Bf5 65. Ke7 Bc2 66. Kf8 Bd3 67. Kg8 Bc4+ 68. Kh8 Be6 69. h7 Bf5 70. Kg8 Be6+
71. Kf8 Kxh7 72. Ke7 Bf5 73. Kf6 Bb1 74. f5 Bxf5 1/2-1/2

[Event "European Youth Chess Championship B18"]
[Site "Prague, Top Hotel Prague"]
[Date "2016.08.24"]
[Round "6.24"]
[White "Toma, Radu-Cristian"]
[Black "Zirkelbach, Maj"]
[Result "1-0"]
[WhiteElo "2303"]
[BlackElo "2189"]
[PlyCount "65"]
[EventDate "2016.08.18"]

1. d4 Nf6 2. Nf3 e6 3. c4 d5 4. Nc3 c6 5. e3 Nbd7 6. Bd3 Bd6 7. e4 dxe4 8. Nxe4
Nxe4 9. Bxe4 Nf6 10. Bc2 O-O 11. O-O h6 12. Qd3 c5 13. Rd1 Qc7 14. b3 cxd4 15.
Qxd4 Bc5 16. Qh4 e5 17. h3 Nh7 18. Qg3 Re8 19. Bxh6 f5 20. Rd5 Re7 21. Rxe5 Bd4
22. Bxg7 Bxa1 23. Bf6+ Rg7 24. Re8+ Nf8 25. Qxg7+ Qxg7 26. Bxg7 Kxg7 27. Bxf5
Bxf5 28. Rxa8 a6 29. Re8 Nd7 30. g4 Nf6 31. Re1 Be4 32. Ng5 Bc3 33. Rxe4 1-0

[Event "European Youth Chess Championship B18"]
[Site "Prague, Top Hotel Prague"]
[Date "2016.08.24"]
[Round "6.25"]
[White "Hollan, Martin"]
[Black "Livaic, Leon"]
[Result "0-1"]
[WhiteElo "2256"]
[BlackElo "2444"]
[PlyCount "80"]
[EventDate "2016.08.18"]

1. e4 e6 2. d4 d5 3. Nd2 Be7 4. Ngf3 Nf6 5. Bd3 c5 6. exd5 Qxd5 7. dxc5 Qxc5 8.
O-O Nbd7 9. b3 O-O 10. Bb2 Qc7 11. Re1 b6 12. Ng5 h6 13. Nge4 Bb7 14. Nxf6+
Bxf6 15. Bxf6 Nxf6 16. Qe2 Rfd8 17. Nf3 Qc6 18. Rad1 Rac8 19. c4 a5 20. Bb1 Kf8
21. Rxd8+ Rxd8 22. Rd1 Rxd1+ 23. Qxd1 Ke7 24. Qd4 Qd6 25. Qxd6+ Kxd6 26. c5+
Kxc5 27. Ne5 Kb4 28. Nxf7 Be4 29. Bxe4 Nxe4 30. Ne5 Ka3 31. Nc4+ Kxa2 32. Nxb6
Kxb3 33. f3 Nf6 34. Kf2 a4 35. Nxa4 Kxa4 36. h4 Kb4 37. Ke3 Kc5 38. g4 g5 39.
hxg5 hxg5 40. f4 Nd5+ 0-1

[Event "European Youth Chess Championship B18"]
[Site "Prague, Top Hotel Prague"]
[Date "2016.08.24"]
[Round "6.26"]
[White "Blahynka, Martin"]
[Black "Chovan, Milan"]
[Result "1-0"]
[WhiteElo "2431"]
[BlackElo "2231"]
[PlyCount "59"]
[EventDate "2016.08.18"]

1. d4 Nf6 2. c4 g6 3. Nc3 d5 4. cxd5 Nxd5 5. e4 Nxc3 6. bxc3 Bg7 7. Bg5 c5 8.
Rc1 O-O 9. Nf3 Bg4 10. d5 Qd6 11. Be2 Nd7 12. Nd2 Bxe2 13. Qxe2 e6 14. Nc4 Qa6
15. Ne3 Qxe2+ 16. Kxe2 exd5 17. Nxd5 f6 18. Bf4 Rae8 19. f3 f5 20. Nc7 Rc8 21.
Rhd1 fxe4 22. Rxd7 exf3+ 23. gxf3 Rxf4 24. Rxg7+ Kh8 25. Re7 Rh4 26. Rh1 Ra4
27. h4 Rxa2+ 28. Ke3 a5 29. h5 g5 30. h6 1-0

[Event "European Youth Chess Championship B18"]
[Site "Prague, Top Hotel Prague"]
[Date "2016.08.24"]
[Round "6.27"]
[White "Haria, Ravi"]
[Black "Stepan, Patrik"]
[Result "1-0"]
[WhiteElo "2394"]
[BlackElo "2145"]
[PlyCount "77"]
[EventDate "2016.08.18"]

1. Nf3 c5 2. g3 Nc6 3. Bg2 g6 4. c3 Bg7 5. d4 cxd4 6. cxd4 d5 7. Nc3 Nf6 8. Ne5
e6 9. O-O O-O 10. Bf4 Nd7 11. Nf3 Qb6 12. Na4 Qa6 13. Rc1 b5 14. Nc5 Nxc5 15.
Rxc5 Qb6 16. Be3 Bd7 17. Qd2 Rfc8 18. Rfc1 Bf8 19. R5c2 a5 20. Bf4 f6 21. h4 b4
22. Qd3 a4 23. b3 axb3 24. axb3 Qa6 25. Qe3 Kf7 26. h5 Be7 27. g4 g5 28. Bg3
Bd8 29. Qd2 Qb7 30. Qd3 Kg7 31. e4 Na5 32. e5 f5 33. gxf5 exf5 34. e6 Bxe6 35.
Qe3 Rxc2 36. Rxc2 f4 37. Qxe6 fxg3 38. h6+ Kh8 39. Ne5 1-0